[Event "Leipzig VfB op 09th"]
[Site "Leipzig"]
[Date "2002.03.09"]
[Round "7"]
[White "Markiewicz, Anja"]
[Black "Blanke, Harald"]
[Result "0-1"]
[WhiteElo "814"]
[BlackElo "1359"]
[PlyCount "50"]
[EventDate "2002.03.05"]
[EventType "swiss"]
[EventRounds "9"]
[EventCountry "GER"]
[SourceTitle "EXT 2007"]
[Source "ChessBase"]
[SourceDate "2006.11.23"]
[SourceVersion "1"]
[SourceVersionDate "2006.11.23"]
[SourceQuality "1"]

1. c4 g6 2. d4 Bg7 3. Nf3 Nf6 4. Nc3 0-0 5. e3 d6 6. Be2 Nc6 7. 0-0 e5 8. d5 Ne7 9. e4 Nd7 10. Be3 f5 11. exf5 Nxf5 12. Bd2 Nc5 13. Qc2 Bd7 14. Ne4 b6 15. Bd3 Nxd3 16. Qxd3 c5 17. Rfe1 Nd4 18. Nxd4 exd4 19. Nxd6 Bg4 20. Ne4 Be5 21. f3 Qh4 22. g3 Rxf3 23. Re3 Bxg3 24. Rxf3 Qxh2+ 25. Kf1 Bh3# 0-1

[Event "Leipzig VfB op 09th"]
[Site "Leipzig"]
[Date "2002.03.07"]
[Round "4"]
[White "Riedel, Kristina"]
[Black "Blanke, Harald"]
[Result "1-0"]
[WhiteElo "1402"]
[BlackElo "1359"]
[PlyCount "29"]
[EventDate "2002.03.05"]
[EventType "swiss"]
[EventRounds "9"]
[EventCountry "GER"]
[SourceTitle "EXT 2007"]
[Source "ChessBase"]
[SourceDate "2006.11.23"]
[SourceVersion "1"]
[SourceVersionDate "2006.11.23"]
[SourceQuality "1"]

1. e4 e5 2. Nf3 Nf6 3. Nc3 Bb4 4. Bc4 d6 5. d3 Bg4 6. Bd2 0-0 7. h3 Bh5 8. g4 Bg6 9. Nh4 Nxe4 10. Nxg6 Nxc3 11. bxc3 d5 12. Nxf8 Bxc3 13. Bxc3 dxc4 14. Nxh7 cxd3 15. Qxd3 1-0